| 000 | 00567nam a2200241Ia 4500 | ||
|---|---|---|---|
| 008 | 170203s9999 xx 000 0 und d | ||
| 020 | _a9781471128585 | ||
| 050 | _a780.92 | ||
| 050 | _b.J54h 2013 | ||
| 100 | _aJepson, Louisa. | ||
| 245 | _aHarry Styles / | ||
| 245 | _bEvery piece of me / | ||
| 245 | _cLouisa Jepson. | ||
| 260 | _aUnited Kingdom : | ||
| 260 | _bCPI Group Ltd. | ||
| 260 | _c2013 | ||
| 300 | _a258 pages : | ||
| 300 | _bpictures, col. | ||
| 300 | _c23 cm. | ||
| 650 | _aHarry Styles. | ||
| 650 | _xbiography. | ||
| 650 | _xmusic. | ||
| 999 |
_c305492 _d305492 |
||